WISC-V Assessment and interpretation: scientist-practitioner perspectives

Gardado en:
Detalles Bibliográficos
Main Authors: Weiss, Lawrence G (Author), Saklofske, Donald H (Author), Holdnack, James A (Author), Prifitera, Aurelio (Author)
Formato: Libro
Idioma:inglés
Publicado: Amsterdam Elsevier 2016
Edición:1a. ed
Subjects:
Tags: Engadir etiqueta
Sen Etiquetas, Sexa o primeiro en etiquetar este rexistro!

MARC

LEADER 00000cam a2200000 a 4500
001 UCC5961
003 CL-VaPUC
008 181109e20160000ne |||||||||||||||||eng|d
020 |a 9780124046979 
082 0 4 |a 153.93  |b WEI  |2 21 
100 0 |a Weiss, Lawrence G  |e author  |9 600414 
700 0 |a Saklofske, Donald H  |e author  |9 600415 
700 0 |a Holdnack, James A  |e author  |9 600416 
700 0 |a Prifitera, Aurelio  |e author  |9 600417 
245 1 0 |a WISC-V Assessment and interpretation: scientist-practitioner perspectives 
250 |a 1a. ed 
300 |a 425 p 
942 |c BK 
945 |d 20181109 15:19:00  |a dcastane 
260 |a Amsterdam  |b Elsevier  |c 2016 
650 0 |a Tests psicológicos  |9 308644 
650 0 |a Inteligencia  |9 267038 
650 0 |a Procesos mentales superiores  |9 330839 
650 0 |a Niños  |9 255605 
583 |a last modification  |c 20181109 15:19:00  |k Rodrigo Vera 
999 |c 373064  |d 373062